Normal view
MARC view
- السوسوة، مجد الدين محمد إسماعيل
Entry Personal Name
001 - CONTROL NUMBER
- control field: 44697
003 - CONTROL NUMBER IDENTIFIER
- control field: JO-AjAnu
005 - DATE AND TIME OF LATEST TRANSACTION
- control field: 20230606081411.0
008 - FIXED-LENGTH DATA ELEMENTS
- fixed length control field: 230606|| aca||aabn | a|a d
040 ## - CATALOGING SOURCE
- Original cataloging agency: JO-AjAnu
- Transcribing agency: JO-AjAnu
100 ## - HEADING--PERSONAL NAME
- Personal name: السوسوة، مجد الدين محمد إسماعيل
670 ## - SOURCE DATA FOUND
- Source citation: Work cat.: (JO-AjAnu)22887: السوسوة، مجد الدين محمد إسماعيل , author, إبرام عقد البيع عبر الإنترنت " دراسة مقارنة بين القوانين الوضعية والفقة الإسلامي "